Crisis agraria en la sierra andaluza (Record no. 135966)

MARC details
000 -LEADER
campo de control de longitud fija 00822nam a2200205 i 4500
001 - NÚMERO DE CONTROL
campo de control 135966
003 - IDENTIFICADOR DE NÚMERO DE CONTROL
campo de control ES-MaACL
005 - FECHA Y HORA DE LA ÚLTIMA TRANSACCIÓN
campo de control 20230906195012.0
007 - CAMPO FIJO DE DESCRIPCIÓN FÍSICA--INFORMACIÓN GENERAL
campo de control de longitud fija t|
008 - DATOS DE LONGITUD FIJA--INFORMACIÓN GENERAL
campo de control de longitud fija 070214s1975 sp |||| | spa d
100 1# - ENTRADA PRINCIPAL--NOMBRE DE PERSONA
Nombre de persona Roux, Bernard.
9 (RLIN) 100101
245 10 - MENCIÓN DEL TÍTULO
Título Crisis agraria en la sierra andaluza
Resto del título : un estudio económico de las empresas ganaderas de la provincia de Huelva /
Mención de responsabilidad, etc. Bernard Roux ; traducción de Michèle Saillant-Llorens.
260 ## - PUBLICACIÓN, DISTRIBUCIÓN, ETC.
Lugar de publicación, distribución, etc. Sevilla :
Nombre del editor, distribuidor, etc. Instituto de Desarrollo Regional,
Fecha de publicación, distribución, etc. 1975.
300 ## - DESCRIPCIÓN FÍSICA
Extensión 274 p. ;
Dimensiones 21 cm.
650 #4 - PUNTO DE ACCESO ADICIONAL DE MATERIA--TÉRMINO DE MATERIA
Término de materia o nombre geográfico como elemento de entrada Ganadería-
Subdivisión geográfica Huelva (Provincia)
9 (RLIN) 169202
651 #4 - PUNTO DE ACCESO ADICIONAL DE MATERIA--NOMBRE GEOGRÁFICO
Nombre geográfico Huelva (Provincia)-
Subdivisión general Situación económica.
9 (RLIN) 164530
700 1# - ENTRADA AGREGADA--NOMBRE PERSONAL
Nombre de persona Saillant-Llorens, Michèle.
9 (RLIN) 101494
710 2# - ENTRADA AGREGADA--NOMBRE DE ENTIDAD CORPORATIVA
Nombre de entidad corporativa o nombre de jurisdicción como elemento de entrada Universidad de Sevilla.
Unidad subordinada Instituto de Desarrollo Regional.
9 (RLIN) 169195
852 ## - LOCALIZACIÓN
Ubicación ES-MaACL
Número de control de estantería E-8451
Holdings
Estatus retirado Estado de pérdida Estado de daño No para préstamo Biblioteca de origen Biblioteca actual Ubicación en estantería Fecha de adquisición Fuente de adquisición Total de préstamos Signatura topográfica completa Código de barras Visto por última vez Precio de reemplazo Tipo de ítem Koha
        Biblioteca del Ateneo de Madrid Biblioteca del Ateneo de Madrid Depósito 2 17/01/2008     E-8451 1141509 23/02/2023 23/02/2023 Libro impreso